000 00496nam a2200181Ia 4500
005 20250508151131.0
008 008 250505s9999 xx 000 0 hin d
037 _aTextual
040 _aFEDL
_beng
_cFEDL
041 _ahin
_2eng
084 _a950, VID
_qFEDL
100 _aVidyalankar Satyaketu
245 0 _aAsia ka aadhunik itihas, Pratham Bhag
260 _aMasuri, India
_bSaraswati Sadan
_c1952
300 _a608p
942 _cTEXL
_h950, VID
999 _c1327787
_d1327787